[Event "GRE-chT 44th"]
[Site "Achaia"]
[Date "2016.07.05"]
[Round "1.9"]
[White "Pavlidis, Anastasios"]
[Black "Skaperdas, Sotirios"]
[Result "1-0"]
[WhiteElo "2380"]
[BlackElo "1992"]
[PlyCount "75"]
[EventDate "2016.07.05"]
[EventType "team-swiss"]
[EventRounds "7"]
[EventCountry "GRE"]
[SourceTitle "CBM 173 Extra"]
[Source "ChessBase"]
[SourceDate "2016.08.29"]
[SourceVersion "1"]
[SourceVersionDate "2016.08.29"]
[SourceQuality "1"]
[WhiteTeam "Chania Kydon"]
[BlackTeam "New Filadelfeias"]
[WhiteTeamCountry "GRE"]
[BlackTeamCountry "GRE"]

1. d4 Nf6 2. c4 e6 3. Nf3 d5 4. Nc3 Bb4 5. Qa4+ Nc6 6. e3 0-0 7. Bd2 a6 8. Qc2 Re8 9. a3 Bf8 10. Be2 b6 11. 0-0 Bb7 12. cxd5 exd5 13. Rac1 Bd6 14. Bd3 h6 15. Ne2 Ne4 16. Ng3 Nxg3 17. hxg3 Ne7 18. Bb4 Rc8 19. Bxd6 Qxd6 20. Qe2 Ra8 21. Bb1 Rac8 22. Rfd1 c5 23. Qd3 g6 24. dxc5 Rxc5 25. b4 Rxc1 26. Rxc1 Rc8 27. Rd1 Qf6 28. Nd4 Kg7 29. Ba2 Qe5 30. Qd2 Qc7 31. Ne2 Qe5 32. Nf4 Rd8 33. a4 Rd7 34. a5 bxa5 35. bxa5 Rd8 36. Nd3 Qc7 37. Rc1 Qd6 38. Qb2+ 1-0

[Event "GRE-chT 43rd"]
[Site "Porto Rio"]
[Date "2015.10.11"]
[Round "6.11"]
[White "Skaperdas, Sotirios"]
[Black "Panagiotopoulos, Alexandros"]
[Result "0-1"]
[WhiteElo "2048"]
[BlackElo "2064"]
[PlyCount "130"]
[EventDate "2015.10.08"]
[EventType "team-swiss"]
[EventRounds "7"]
[EventCountry "GRE"]
[SourceTitle "CBM 168 Extra"]
[Source "ChessBase"]
[SourceDate "2015.10.29"]
[SourceVersion "1"]
[SourceVersionDate "2015.10.29"]
[SourceQuality "1"]
[WhiteTeam "New Filadelfeias"]
[BlackTeam "Elefsinas STM"]
[WhiteTeamCountry "GRE"]
[BlackTeamCountry "GRE"]

1. Nf3 d5 2. e3 Nf6 3. c4 e6 4. b3 Bd6 5. Bb2 0-0 6. Nc3 c5 7. Be2 Nc6 8. cxd5 exd5 9. d4 Bg4 10. dxc5 Bxc5 11. 0-0 a6 12. Rc1 Ba7 13. Nd4 Bxe2 14. Ncxe2 Rc8 15. Nf3 Qd6 16. Ng3 Rfd8 17. Qc2 Ne7 18. Qb1 Rxc1 19. Rxc1 h6 20. Rd1 Qe6 21. a3 Bb6 22. b4 Ne4 23. Nd4 Qg6 24. Qd3 Nxg3 25. Qxg6 Nxg6 26. hxg3 f6 27. Nf5 Kf7 28. Kf1 Ne5 29. Bd4 Bc7 30. Ke2 h5 31. Rc1 Nc4 32. a4 g6 33. Nh4 b5 34. axb5 axb5 35. Ra1 Rd7 36. Ra7 g5 37. Nf3 Re7 38. Bc5 Bd6 39. Rxe7+ Kxe7 40. Bxd6+ Nxd6 41. Nd4 Kd7 42. f3 g4 43. Kd3 Ke7 44. Ne2 Nf5 45. e4 dxe4+ 46. Kxe4 Nd6+ 47. Kd5 Nf5 48. fxg4 hxg4 49. Kc5 Ne3 50. Kxb5 Kd6 51. Nf4 Nf1 52. Ka6 Nxg3 53. b5 Ne4 54. b6 Kc6 55. Ka7 Nd6 56. Ne6 Nc8+ 57. Ka6 Nxb6 58. Nd4+ Kd5 59. Nf5 Nc4 60. Nh6 Ne3 61. Kb5 f5 62. Kb4 Ke4 63. g3 Kf3 64. Kc3 Kxg3 65. Kd3 Kf2 0-1

[Event "GRE-chT 43rd"]
[Site "Porto Rio"]
[Date "2015.10.09"]
[Round "3.14"]
[White "Skaperdas, Sotirios"]
[Black "Deligiannis, Paraskevas1111"]
[Result "0-1"]
[WhiteElo "2048"]
[BlackElo "2047"]
[PlyCount "63"]
[EventDate "2015.10.08"]
[EventType "team-swiss"]
[EventRounds "7"]
[EventCountry "GRE"]
[SourceTitle "CBM 168 Extra"]
[Source "ChessBase"]
[SourceDate "2015.10.29"]
[SourceVersion "1"]
[SourceVersionDate "2015.10.29"]
[SourceQuality "1"]
[WhiteTeam "New Filadelfeias"]
[BlackTeam "Patron Sailing"]
[WhiteTeamCountry "GRE"]
[BlackTeamCountry "GRE"]

1. Nf3 Nf6 2. g3 d5 3. d4 c6 4. c4 dxc4 5. Qc2 b5 6. b3 cxb3 7. axb3 e6 8. Bg2 Bb7 9. 0-0 Be7 10. e3 Nbd7 11. Ba3 Bxa3 12. Rxa3 Qe7 13. Rc1 0-0 14. Ra5 Qb4 15. Qa2 a6 16. Ne1 Nd5 17. Nd3 Qe7 18. Qd2 Rac8 19. Nc5 Nxc5 20. Rxc5 e5 21. Ra1 Rfd8 22. b4 exd4 23. exd4 Re8 24. Nc3 Nxb4 25. Nxb5 cxb5 26. Qxb4 Rxc5 27. dxc5 Bxg2 28. Kxg2 Rc8 29. Re1 Qc7 30. Qa3 Qc6+ 31. Kg1 g6 32. Rc1 0-1

[Event "GRE-chT 43rd"]
[Site "Porto Rio"]
[Date "2015.10.08"]
[Round "1.11"]
[White "Skaperdas, Sotirios"]
[Black "Alexakis, Dimitrios"]
[Result "0-1"]
[WhiteElo "2048"]
[BlackElo "2145"]
[PlyCount "102"]
[EventDate "2015.10.08"]
[EventType "team-swiss"]
[EventRounds "7"]
[EventCountry "GRE"]
[SourceTitle "CBM 168 Extra"]
[Source "ChessBase"]
[SourceDate "2015.10.29"]
[SourceVersion "1"]
[SourceVersionDate "2015.10.29"]
[SourceQuality "1"]
[WhiteTeam "New Filadelfeias"]
[BlackTeam "Piraikos"]
[WhiteTeamCountry "GRE"]
[BlackTeamCountry "GRE"]

1. Nf3 f5 2. d4 Nf6 3. g3 g6 4. Bg2 Bg7 5. b3 0-0 6. Bb2 d6 7. 0-0 Qe8 8. Nbd2 Nc6 9. Nc4 h6 10. e3 g5 11. a3 e6 12. b4 a6 13. Rb1 Bd7 14. Ncd2 Qg6 15. Ne1 Rae8 16. Nd3 Nd8 17. f4 Ng4 18. Re1 e5 19. dxe5 dxe5 20. h3 exf4 21. hxg4 Bxb2 22. Rxb2 fxg3 23. gxf5 Bxf5 24. Nf1 Qf6 25. Rb1 Be4 26. Qg4 Bxg2 27. Qc4+ Ne6 28. Kxg2 Qf3+ 29. Kg1 g2 30. Nh2 Qg3 31. Qg4 Rf1+ 32. Rxf1 gxf1Q+ 33. Kxf1 Qxh2 34. Nf2 h5 35. Qf5 g4 36. Ke1 Qg1+ 37. Kd2 Qxb1 38. Ne4 Rd8+ 39. Kc3 Qa1+ 40. Kb3 Qb1+ 41. Kc3 Ng7 42. Qg6 Qe1+ 43. Kb2 Rd6 44. Qg5 Qf1 45. Nxd6 cxd6 46. Qd5+ Qf7 47. Qxd6 Nf5 48. Qd8+ Kh7 49. e4 Qg7+ 50. Kb1 g3 51. Qd5 Nh6 0-1

[Event "GRE-chT 41st"]
[Site "Achaia"]
[Date "2013.07.03"]
[Round "3.4"]
[White "Goumas, Georgios"]
[Black "Skaperdas, Sotirios"]
[Result "1-0"]
[WhiteElo "2380"]
[BlackElo "2050"]
[PlyCount "82"]
[EventDate "2013.07.02"]
[EventType "team-swiss"]
[EventRounds "7"]
[EventCountry "GRE"]
[SourceTitle "CBM 155 Extra"]
[Source "ChessBase"]
[SourceDate "2013.08.26"]
[SourceVersion "1"]
[SourceVersionDate "2013.08.26"]
[SourceQuality "1"]
[WhiteTeam "Nice Fysiolatris"]
[BlackTeam "Filadelfia CN"]
[WhiteTeamCountry "GRE"]
[BlackTeamCountry "GRE"]

1. e4 c5 2. Nf3 d6 3. d4 cxd4 4. Nxd4 Nf6 5. Nc3 a6 6. Be3 e5 7. Nb3 Be6 8. h3 Qc7 9. g4 h6 10. Qf3 Nc6 11. 0-0-0 Rc8 12. Kb1 b5 13. Nd5 Bxd5 14. exd5 Na5 15. Nxa5 Qxa5 16. Bd3 Be7 17. h4 Qa4 18. Bf5 e4 19. Qe2 Qc4 20. Qd2 Nd7 21. b3 Qc7 22. Bd4 0-0 23. Bxe4 Rb8 24. g5 Nc5 25. Bf5 h5 26. Bxc5 Qxc5 27. Qe2 g6 28. Qxe7 gxf5 29. g6 Rbc8 30. Rc1 Qc7 31. gxf7+ Kh7 32. Qe6 Qxf7 33. Qxd6 a5 34. Rhe1 Rcd8 35. Qb6 Rxd5 36. Re6 Qg7 37. Qxa5 Rfd8 38. Qb4 R8d7 39. Qf4 b4 40. Rb6 Rc7 41. Qf3 Qf7 1-0

[Event "Ikaria op"]
[Site "Ikaria"]
[Date "1997.??.??"]
[Round "?"]
[White "Kapnisis, Spyridon"]
[Black "Skaperdas, Sotirios"]
[Result "1-0"]
[WhiteElo "2185"]
[BlackElo "2100"]
[PlyCount "47"]
[EventDate "1997.??.??"]
[EventType "swiss"]
[EventRounds "9"]
[EventCountry "GRE"]
[SourceTitle "EXT 2003"]
[Source "ChessBase"]
[SourceDate "2002.11.25"]
[SourceVersion "1"]
[SourceVersionDate "2002.11.25"]
[SourceQuality "1"]

1. e4 c5 2. Nf3 d6 3. d4 Nf6 4. Nc3 cxd4 5. Nxd4 a6 6. Bg5 e6 7. Qd3 Nbd7 8. 0-0-0 Qc7 9. f4 Be7 10. Be2 h6 11. Bh4 b5 12. Bxf6 Nxf6 13. Bf3 Bb7 14. e5 dxe5 15. fxe5 Nd7 16. Nxe6 fxe6 17. Qg6+ Kf8 18. Bxb7 Bg5+ 19. Kb1 Qxb7 20. Rhf1+ Nf6 21. exf6 gxf6 22. h4 Bxh4 23. Rd4 Bg5 24. Rxf6+ 1-0

[Event "Aegina op"]
[Site "Aegina"]
[Date "1996.??.??"]
[Round "2"]
[White "Graf, Alexander"]
[Black "Skaperdas, Sotirios"]
[Result "1-0"]
[WhiteElo "2580"]
[BlackElo "2100"]
[PlyCount "80"]
[EventDate "1996.??.??"]
[EventType "swiss"]
[EventRounds "9"]
[EventCountry "GRE"]
[SourceTitle "EXT 1997"]
[Source "ChessBase"]
[SourceDate "1996.11.15"]
[SourceVersion "1"]
[SourceVersionDate "1996.11.15"]
[SourceQuality "1"]

1. d4 e6 2. c4 Bb4+ 3. Nd2 Nf6 4. Ngf3 b6 5. a3 Bxd2+ 6. Bxd2 0-0 7. Bg5 Bb7 8. e3 d6 9. Bd3 h6 10. Bh4 Nbd7 11. 0-0 g5 12. Bg3 Ne4 13. Nd2 Nxd2 14. Qxd2 f5 15. f3 Qf6 16. b4 f4 17. Bf2 Rad8 18. a4 c5 19. a5 e5 20. d5 Ra8 21. Bc2 Ba6 22. Ba4 Bxc4 23. Bxd7 Bxf1 24. Rxf1 Rab8 25. e4 h5 26. Kh1 Rb7 27. Be6+ Kh8 28. Rg1 h4 29. Qd3 Rfb8 30. Bf5 Qh6 31. Ra1 Kg8 32. Qa6 Kf8 33. bxc5 dxc5 34. Bxc5+ Kg7 35. axb6 axb6 36. Bb4 Qf6 37. Rc1 Qd8 38. d6 Kh8 39. Qb5 Qf6 40. Bc3 Rc8 1-0